Taylor Swift - Chansons écrites uniquement par Taylor - Statistiques

Statistiques générales
  • Ce quiz a été pris 90 fois
  • Le résultat moyen est 30 sur 68
Statistiques - réponses
Hint Réponse % Correct
Lover Lover
81%
Fearless Love Story
77%
Speak Now Long Live
75%
Speak Now Ours
75%
Speak Now Enchanted
73%
Speak Now Mean
73%
Speak Now Mine
73%
Red Red
71%
Speak Now Speak Now
69%
Taylor Swift Our Song
67%
Speak Now Sparks Fly
67%
Speak Now Back to December
65%
Speak Now I Can See You
63%
Speak Now Better Than Revenge
62%
Speak Now Dear John
62%
Speak Now Haunted
62%
Red State of Grace
62%
Speak Now Timeless
60%
folklore my tears ricochet
58%
Speak Now Superman
58%
Speak Now When Emma Falls In Love
58%
Speak Now Castles Crumbling
56%
Speak Now Innocent
54%
Speak Now Foolish One
52%
Speak Now Last Kiss
52%
Lover Daylight
50%
Fearless Fifteen
50%
Speak Now The Story of Us
48%
Speak Now Never Grow Up
46%
Speak Now Electric Touch
44%
Lover Cornelia street
42%
1989 This Love
42%
Fearless The Best Day
40%
Red Better Man
38%
The Tortured Poets Department My Boy Only Breaks His Favorite Toys
38%
Red Stay Stay Stay
38%
Red I Almost Do
37%
Fearless Mr. Perfectly Fine
37%
Taylor Swift Should’ve Said No
37%
The Tortured Poets Department The Black Dog
35%
Taylor Swift The Outside
35%
Midnights Vigilante Shit
35%
The Tortured Poets Department Who’s Afraid Of Little Old Me
35%
Red Begin Again
33%
Red Holy Ground
33%
Fearless Jump Then Fall
33%
evermore no body, no crime
33%
Red Sad Beautiful Tragic
33%
Fearless Hey Stephen
31%
Red Nothing New
31%
Red Starlight
31%
Red The Lucky One
31%
The Tortured Poets Department The Manuscript
31%
Red The Moment I Knew
31%
Fearless Forever & Always
29%
The Tortured Poets Department Peter
29%
Midnights Bigger than the whole sky
27%
Fearless Change
27%
Singles Eyes Open
27%
Fearless The Other Side of The Door
27%
Fearless Breathe
25%
Singles carolina
25%
Fearless You’re Not Sorry
25%
Red Girl at Home
23%
Fearless Today Was a Fairytale
23%
Singles Beautiful Eyes
17%
Singles Christmas Tree Farm
15%
Singles I Heart?
15%
Aucun quiz correspondant
Distribution des résultats
% des personnes avec chaque résultat
Percentile par nombre de réponses
Votre historique - résultats
Vous n’avez pas pris ce quiz